[Event "WJCC U20 Girls 2019"]
[Site "New Delhi"]
[Date "2019.10.19"]
[Round "6.27"]
[White "Harshita Guddanti"]
[Black "Chandreyee, Hajra"]
[Result "1-0"]
[WhiteElo "2123"]
[BlackElo "2024"]
[Annotator "NA"]
[PlyCount "93"]
[EventDate "2019.10.15"]
[EventType "swiss"]
[EventCountry "IND"]
[SourceTitle "playchess.com"]
[Source "ChessBase"]
[SourceQuality "1"]
[TimeControl "40/5400+30:1800+30"]

1. e4 {[%emt 0:00:12]} c6 {[%emt 0:00:00]} 2. d4 {[%emt 0:00:04]} d5 {[%emt 0:00:00]} 3. Nc3 {[%emt 0:00:50]} dxe4 {[%emt 0:00:00]} 4. Nxe4 {[%emt 0:00:08]} Nf6 {[%emt 0:00:00]} 5. Nxf6+ {[%emt 0:01:31]} exf6 {[%emt 0:00:00]} 6. Nf3 {[%emt 0:00:03]} Bd6 {[%emt 0:00:04]} 7. Be2 {[%emt 0:00:57]} O-O {[%emt 0:00:08]} 8. O-O {[%emt 0:00:06]} Bg4 {[%emt 0:00:13]} 9. Nh4 {[%emt 0:00:53]} f5 {[%emt 0:10:25]} 10. Nf3 {[%emt 0:07:32]} Re8 {[%emt 0:06:10]} 11. Re1 {[%emt 0:05:34]} Nd7 {[%emt 0:03:42]} 12. Bg5 {[%emt 0:02:12]} f6 {[%emt 0:06:26]} 13. Bd2 {[%emt 0:07:33]} Re4 {[%emt 0:10:51]} 14. c3 {[%emt 0:02:50]} Kh8 {[%emt 0:05:32]} 15. h3 {[%emt 0:06:07]} Bh5 {[%emt 0:03:29]} 16. Bd3 {[%emt 0:05:47]} Rxe1+ {[%emt 0:01:47]} 17. Qxe1 {[%emt 0:05:36]} Bxf3 {[%emt 0:05:29]} 18. gxf3 {[%emt 0:00:05]} g6 {[%emt 0:00:53]} 19. Qe6 {[%emt 0:02:23]} Nf8 {[%emt 0:05:21]} 20. Qf7 {[%emt 0:02:09]} Qe7 {[%emt 0:00:43]} 21. Qxe7 {[%emt 0:00:48]} Bxe7 {[%emt 0:00:06]} 22. Re1 {[%emt 0:00:24]} Bd6 {[%emt 0:01:10]} 23. c4 {[%emt 0:09:39]} Rd8 {[%emt 0:08:23]} 24. Bc3 {[%emt 0:00:26]} Rd7 {[%emt 0:02:29]} 25. b4 {[%emt 0:06:42]} Re7 {[%emt 0:02:43]} 26. c5 {[%emt 0:05:08]} Rxe1+ {[%emt 0:00:13]} 27. Bxe1 {[%emt 0:00:04]} Be7 {[%emt 0:04:26]} 28. Bc4 {[%emt 0:01:48]} Kg7 {[%emt 0:01:56]} 29. a4 {[%emt 0:05:33]} g5 {[%emt 0:04:20]} 30. Bd2 {[%emt 0:09:58]} h5 {[%emt 0:02:13]} 31. f4 {[%emt 0:02:53]} Bd8 {[%emt 0:02:28]} 32. h4 {[%emt 0:02:00]} gxh4 {[%emt 0:03:54]} 33. d5 {[%emt 0:03:11]} Ng6 {[%emt 0:04:37]} 34. d6 {[%emt 0:01:11]} Nf8 {[%emt 0:02:10]} 35. Be3 {[%emt 0:01:10]} a6 {[%emt 0:01:58]} 36. Kg2 {[%emt 0:01:26]} Kg6 {[%emt 0:01:06]} 37. Kh3 {[%emt 0:00:46]} Kg7 {[%emt 0:00:57]} 38. Kxh4 {[%emt 0:00:41]} Kg6 {[%emt 0:00:04]} 39. Kg3 {[%emt 0:01:32]} Kg7 {[%emt 0:00:06]} 40. Kh3 {[%emt 0:00:12]} Kg6 {[%emt 0:01:06]} 41. Kh4 {[%emt 0:30:30]} a5 {[%emt 0:30:42]} 42. b5 {[%emt 0:00:30]} Kh6 {[%emt 0:00:00]} 43. Bf7 {[%emt 0:00:00]} Nd7 {[%emt 0:00:00]} 44. Be6 {[%emt 0:00:00]} Nb8 {[%emt 0:00:00]} 45. Bc8 {[%emt 0:00:00]} cxb5 {[%emt 0:00:00]} 46. axb5 {[%emt 0:00:00]} a4 {[%emt 0:00:00]} 47. Bxb7 {[%emt 0:00:00]} 1-0

[Event "WJCC U20 Girls 2019"]
[Site "New Delhi"]
[Date "2019.10.19"]
[Round "6.28"]
[White "Dwilewicz, Katarzyna"]
[Black "Tsotsonava, Elene"]
[Result "1-0"]
[WhiteElo "2106"]
[BlackElo "1905"]
[Annotator "NA"]
[PlyCount "61"]
[EventDate "2019.10.15"]
[EventType "swiss"]
[EventCountry "IND"]
[SourceTitle "playchess.com"]
[Source "ChessBase"]
[SourceQuality "1"]
[TimeControl "40/5400+30:1800+30"]

1. e4 {[%emt 0:00:00]} c5 {[%emt 0:00:00]} 2. Nf3 {[%emt 0:00:00]} e6 {[%emt 0:00:00]} 3. d4 {[%emt 0:00:00]} cxd4 {[%emt 0:00:00]} 4. Nxd4 {[%emt 0:00:00]} Nc6 {[%emt 0:00:00]} 5. Nc3 {[%emt 0:00:03]} Qc7 {[%emt 0:00:00]} 6. Be3 {[%emt 0:00:05]} a6 {[%emt 0:00:05]} 7. Qf3 {[%emt 0:00:15]} Nf6 {[%emt 0:09:11]} 8. O-O-O {[%emt 0:00:51]} b5 {[%emt 0:03:13]} 9. e5 {[%emt 0:18:31]} b4 {[%emt 0:13:10]} 10. exf6 {[%emt 0:12:27]} bxc3 {[%emt 0:01:23]} 11. Nxc6 {[%emt 0:06:15]} Qb7 {[%emt 0:28:03]} 12. b3 {[%emt 0:05:33]} dxc6 {[%emt 0:09:41]} 13. Bd4 {[%emt 0:02:37]} g6 {[%emt 0:09:45]} 14. Bxc3 {[%emt 0:04:07]} c5 {[%emt 0:02:07]} 15. Qg3 {[%emt 0:02:10]} h5 {[%emt 0:02:25]} 16. h4 {[%emt 0:00:58]} Bh6+ {[%emt 0:00:51]} 17. Kb1 {[%emt 0:00:05]} O-O {[%emt 0:02:00]} 18. Be2 {[%emt 0:01:52]} Kh7 {[%emt 0:01:24]} 19. Bf3 {[%emt 0:00:49]} Qa7 {[%emt 0:00:28]} 20. Bxa8 {[%emt 0:00:59]} Qxa8 {[%emt 0:00:03]} 21. f3 {[%emt 0:01:14]} c4 {[%emt 0:01:08]} 22. Qc7 {[%emt 0:02:14]} Qb7 {[%emt 0:03:51]} 23. Qxc4 {[%emt 0:04:16]} Bd7 {[%emt 0:01:05]} 24. Qb4 {[%emt 0:01:06]} Rb8 {[%emt 0:03:18]} 25. Rxd7 {[%emt 0:09:59]} Qxb4 {[%emt 0:00:49]} 26. Bxb4 {[%emt 0:00:05]} Rxb4 {[%emt 0:00:09]} 27. Rhd1 {[%emt 0:00:48]} Rxh4 {[%emt 0:00:50]} 28. Rxf7+ {[%emt 0:00:14]} Kg8 {[%emt 0:00:05]} 29. Rc7 {[%emt 0:01:22]} Rf4 {[%emt 0:00:21]} 30. Rd8+ {[%emt 0:00:19]} Bf8 {[%emt 0:00:05]} 31. Rg7+ {[%emt 0:00:36]} 1-0

[Event "WJCC U20 Girls 2019"]
[Site "New Delhi"]
[Date "2019.10.19"]
[Round "6.29"]
[White "Ulziikhishigjargal, Ochirkhuyag"]
[Black "Bakshi, Rutuja"]
[Result "0-1"]
[WhiteElo "2194"]
[BlackElo "2029"]
[Annotator "ChessBase"]
[PlyCount "105"]
[EventDate "2019.10.15"]
[EventType "swiss"]
[EventCountry "IND"]
[SourceTitle "playchess.com"]
[Source "ChessBase"]
[SourceQuality "1"]
[TimeControl "40/5400+30:1800+30"]

1. e4 {[%emt 0:00:00]} e6 {[%emt 0:00:00]} 2. d4 {[%emt 0:00:00]} d5 {[%emt 0:00:01]} 3. Nd2 {[%emt 0:00:00]} a6 {[%emt 0:00:21]} 4. Ngf3 {[%emt 0:00:39]} c5 {[%emt 0:00:08]} 5. exd5 {[%emt 0:01:19]} exd5 {[%emt 0:00:14]} 6. dxc5 {[%emt 0:02:21]} Bxc5 {[%emt 0:00:07]} 7. Bd3 {[%emt 0:00:03]} Nf6 {[%emt 0:00:44]} 8. Nb3 {[%emt 0:02:36]} Bb6 {[%emt 0:04:12]} 9. O-O {[%emt 0:01:33]} O-O {[%emt 0:00:15]} 10. h3 {[%emt 0:01:51]} Nc6 {[%emt 0:02:11]} 11. c3 {[%emt 0:00:44]} Qd6 {[%emt 0:05:02]} 12. Nbd4 {[%emt 0:05:52]} Nxd4 {[%emt 0:09:05]} 13. cxd4 {[%emt 0:01:21]} Ne4 {[%emt 0:07:35]} 14. Re1 {[%emt 0:04:54]} Re8 {[%emt 0:12:18]} 15. Be3 {[%emt 0:06:31]} Bf5 {[%emt 0:08:57]} 16. Qb3 {[%emt 0:05:05]} Ba5 {[%emt 0:07:51]} 17. Rec1 {[%emt 0:04:49]} Rab8 {[%emt 0:09:29]} 18. Rc2 {[%emt 0:10:29]} Re7 {[%emt 0:07:26]} 19. Rac1 {[%emt 0:10:17]} Rbe8 {[%emt 0:01:20]} 20. Qa4 {[%emt 0:02:36]} Bb6 {[%emt 0:02:02]} 21. Ne5 {[%emt 0:22:00]} f6 {[%emt 0:04:06]} 22. Bxe4 {[%emt 0:02:31]} Bxe4 {[%emt 0:03:03]} 23. Rc8 {[%emt 0:00:04]} Rd8 {[%emt 0:07:37]} 24. Ng4 {[%emt 0:04:06]} Bf5 {[%emt 0:01:04]} 25. Rxd8+ {[%emt 0:00:50]} Bxd8 {[%emt 0:01:19]} 26. Nh2 {[%emt 0:00:37]} Bc7 {[%emt 0:01:11]} 27. Nf1 {[%emt 0:00:12]} Bd3 {[%emt 0:01:31]} 28. Qb3 {[%emt 0:00:15]} Bb5 {[%emt 0:01:35]} 29. a4 {[%emt 0:00:52]} Bc6 {[%emt 0:00:24]} 30. Qc2 {[%emt 0:00:05]} Qd7 {[%emt 0:01:20]} 31. b3 {[%emt 0:00:02]} Bb8 {[%emt 0:01:47]} 32. Qd2 {[%emt 0:01:43]} Qd6 {[%emt 0:00:47]} 33. Re1 {[%emt 0:01:19]} Re8 {[%emt 0:00:20]} 34. g3 {[%emt 0:00:50]} Qe6 {[%emt 0:00:27]} 35. h4 {[%emt 0:00:41]} Qf5 {[%emt 0:00:19]} 36. Qc1 {[%emt 0:01:49]} Re4 {[%emt 0:01:06]} 37. Nd2 {[%emt 0:00:34]} Rg4 {[%emt 0:00:29]} 38. Qb1 {[%emt 0:01:21]} Qh5 {[%emt 0:00:26]} 39. Nf1 {[%emt 0:03:20]} Bd7 {[%emt 0:00:38]} 40. Qd1 {[%emt 0:02:37]} Qxh4 {[%emt 0:00:30]} 41. Qf3 {[%emt 0:30:03]} Be6 {[%emt 0:30:34]} 42. Bf4 {[%emt 0:00:56]} Bc7 {[%emt 0:00:00]} 43. Rxe6 {[%emt 0:00:00]} Bxf4 {[%emt 0:00:00]} 44. Qc3 {[%emt 0:00:00]} Rg5 {[%emt 0:00:00]} 45. Qc7 {[%emt 0:00:00] Kf7 Qc8 Kg6 Re7} b5 {[%emt 0:00:00]} 46. axb5 {[%emt 0:00:00]} axb5 {[%emt 0:00:00]} 47. Qb7 {[%emt 0:00:00] Kh6 Qxb5} Bd6 {[%emt 0:00:00]} 48. Re3 {[%emt 0:00:00]} Qxd4 {[%emt 0:00:00]} 49. Rd3 {[%emt 0:00:00]} Qe4 {[%emt 0:00:00]} 50. Re3 {[%emt 0:00:00]} Qg4 {[%emt 0:00:00]} 51. Qc6 {[%emt 0:00:00]} Bb4 {[%emt 0:01:02]} 52. Nh2 {[%emt 0:00:00]} Qd4 {[%emt 0:00:30]} 53. Qe6+ {[%emt 0:05:08] Bd2 Rf3 Qe4 Qc6 Kg6 Qb5 d4 Qc4 Bc3 Rd3 Qd5 Qa4 Qb5 Rxd4 Bxd4 Qxd4 Qxb3 Qe4+ Kf7 Nf3 Rh5 Kg2 Qd5 Qe3 Re5 Qa7+ Re7 Qa3 g5 g4 Rb7 Qa8 Kg7 Qe8 Rb3 Qe7+ Qf7 Qe4 Qb7 Qf5 Rb5 Qd3 h5 Kg3 Qb8+ Kg2 Qb7 Kg3 Rb3 Qf5 h4+ Kg2 h3+ Kg3 h2} 0-1

[Event "WJCC U20 Girls 2019"]
[Site "New Delhi"]
[Date "2019.10.19"]
[Round "6.30"]
[White "Pychova, Nela"]
[Black "Cosme Contreras, Trilce"]
[Result "1-0"]
[WhiteElo "2178"]
[BlackElo "2027"]
[Annotator "NA"]
[PlyCount "118"]
[EventDate "2019.10.15"]
[EventType "swiss"]
[EventCountry "IND"]
[SourceTitle "playchess.com"]
[Source "ChessBase"]
[SourceQuality "1"]
[TimeControl "40/5400+30:1800+30"]

1. e4 {[%emt 0:00:00]} c5 {[%emt 0:00:00]} 2. Nf3 {[%emt 0:00:00]} d6 {[%emt 0:00:00]} 3. d4 {[%emt 0:00:14]} cxd4 {[%emt 0:00:00]} 4. Nxd4 {[%emt 0:00:08]} Nf6 {[%emt 0:00:07]} 5. f3 {[%emt 0:00:29]} a6 {[%emt 0:00:18]} 6. c4 {[%emt 0:01:10]} e6 {[%emt 0:01:08]} 7. Nc3 {[%emt 0:02:22]} Be7 {[%emt 0:00:43]} 8. Be2 {[%emt 0:01:07]} O-O {[%emt 0:00:53]} 9. Be3 {[%emt 0:05:34]} Qc7 {[%emt 0:00:41]} 10. O-O {[%emt 0:00:48]} Nc6 {[%emt 0:00:22]} 11. Rc1 {[%emt 0:05:25]} Rd8 {[%emt 0:05:37]} 12. Nd5 {[%emt 0:14:57]} exd5 {[%emt 0:01:30]} 13. cxd5 {[%emt 0:00:06]} Bd7 {[%emt 0:00:16]} 14. Qd2 {[%emt 0:09:26]} Rdc8 {[%emt 0:01:41]} 15. dxc6 {[%emt 0:01:35]} bxc6 {[%emt 0:04:00]} 16. Bc4 {[%emt 0:04:37]} Qb7 {[%emt 0:03:48]} 17. Rfd1 {[%emt 0:06:01]} a5 {[%emt 0:06:04]} 18. Ne2 {[%emt 0:08:20]} Be6 {[%emt 0:02:35]} 19. Nf4 {[%emt 0:06:31]} Bxc4 {[%emt 0:07:43]} 20. Rxc4 {[%emt 0:00:06]} Qb5 {[%emt 0:00:48]} 21. Rdc1 {[%emt 0:03:14]} c5 {[%emt 0:06:03]} 22. R4c2 {[%emt 0:06:41]} Rcb8 {[%emt 0:04:51]} 23. Ne2 {[%emt 0:04:19]} Rb7 {[%emt 0:04:12]} 24. Ng3 {[%emt 0:02:26]} Bf8 {[%emt 0:00:42]} 25. Bg5 {[%emt 0:01:03]} Ne8 {[%emt 0:02:17]} 26. Nf5 {[%emt 0:02:08]} Qa4 {[%emt 0:03:32]} 27. Ra1 {[%emt 0:06:39]} Qd7 {[%emt 0:02:31]} 28. Ne3 {[%emt 0:01:45]} Qe6 {[%emt 0:01:18]} 29. Nc4 {[%emt 0:01:18]} a4 {[%emt 0:01:04]} 30. Bf4 {[%emt 0:01:23]} Rb4 {[%emt 0:05:33]} 31. Qd3 {[%emt 0:00:37]} Rab8 {[%emt 0:02:59]} 32. Rd1 {[%emt 0:01:09]} g6 {[%emt 0:02:30]} 33. Bd2 {[%emt 0:00:32]} R4b7 {[%emt 0:01:14]} 34. Bc3 {[%emt 0:00:59]} Bg7 {[%emt 0:06:40]} 35. Bxg7 {[%emt 0:00:14]} Kxg7 {[%emt 0:00:05]} 36. Qd5 {[%emt 0:00:33]} Qxd5 {[%emt 0:02:00]} 37. Rxd5 {[%emt 0:00:06]} f6 {[%emt 0:04:42]} 38. Kf1 {[%emt 0:00:55]} Kf7 {[%emt 0:00:29]} 39. Rxd6 {[%emt 0:02:19]} Nxd6 {[%emt 0:00:55]} 40. Nxd6+ {[%emt 0:00:02]} Ke6 {[%emt 0:00:16]} 41. Nxb7 {[%emt 0:30:06]} Rxb7 {[%emt 0:30:01]} 42. Ke2 {[%emt 0:01:24]} Kd6 {[%emt 0:01:10]} 43. Kd3 {[%emt 0:00:00]} Kc6 {[%emt 0:00:00]} 44. Kc3 {[%emt 0:00:00]} h5 {[%emt 0:00:00]} 45. Rd2 {[%emt 0:00:00]} Rb8 {[%emt 0:00:00]} 46. Re2 {[%emt 0:00:00]} Rd8 {[%emt 0:00:00]} 47. Rd2 {[%emt 0:00:00]} Ra8 {[%emt 0:00:00]} 48. f4 {[%emt 0:00:00]} Re8 {[%emt 0:00:00]} 49. Re2 {[%emt 0:00:00]} g5 {[%emt 0:00:00]} 50. fxg5 {[%emt 0:00:51]} fxg5 {[%emt 0:00:00]} 51. e5 {[%emt 0:00:30]} Kd5 {[%emt 0:00:00]} 52. e6 {[%emt 0:02:15]} Rxe6 {[%emt 0:00:00]} 53. Rxe6 {[%emt 0:01:12]} Kxe6 {[%emt 0:00:00]} 54. Kc4 {[%emt 0:00:07]} Kd6 {[%emt 0:00:00]} 55. Kb5 {[%emt 0:00:48]} a3 {[%emt 0:00:00]} 56. b4 {[%emt 0:01:36]} cxb4 {[%emt 0:00:00]} 57. Kxb4 {[%emt 0:00:02]} Kd5 {[%emt 0:00:00]} 58. Kxa3 {[%emt 0:00:04]} Kc4 {[%emt 0:00:00]} 59. Kb2 {[%emt 0:00:34]} Kd5 1-0

[Event "WJCC U20 Girls 2019"]
[Site "New Delhi"]
[Date "2019.10.19"]
[Round "6.31"]
[White "Blazeka, Mihaela"]
[Black "Vlkova, Anezka"]
[Result "0-1"]
[WhiteElo "2109"]
[BlackElo "1972"]
[Annotator "NA"]
[PlyCount "122"]
[EventDate "2019.10.15"]
[EventType "swiss"]
[EventCountry "IND"]
[SourceTitle "playchess.com"]
[Source "ChessBase"]
[SourceQuality "1"]
[TimeControl "40/5400+30:1800+30"]

1. e4 {[%emt 0:00:00]} e6 {[%emt 0:00:00]} 2. d4 {[%emt 0:00:00]} d5 {[%emt 0:00:00]} 3. Nd2 {[%emt 0:00:05]} Nf6 {[%emt 0:00:00]} 4. e5 {[%emt 0:00:06]} Nfd7 {[%emt 0:00:00]} 5. Bd3 {[%emt 0:00:15]} c5 {[%emt 0:00:00]} 6. c3 {[%emt 0:00:07]} Nc6 {[%emt 0:00:00]} 7. Ne2 {[%emt 0:00:06]} cxd4 {[%emt 0:00:03]} 8. cxd4 {[%emt 0:00:07]} f6 {[%emt 0:00:03]} 9. exf6 {[%emt 0:00:07]} Qxf6 {[%emt 0:00:05]} 10. Nf3 {[%emt 0:00:36]} h6 {[%emt 0:00:06]} 11. O-O {[%emt 0:01:43]} Bd6 {[%emt 0:00:05]} 12. Be3 {[%emt 0:02:24]} O-O {[%emt 0:00:37]} 13. Rc1 {[%emt 0:01:04]} Rd8 {[%emt 0:02:44]} 14. Bb1 {[%emt 0:00:29]} Nf8 {[%emt 0:00:07]} 15. Qd2 {[%emt 0:04:36]} Bd7 {[%emt 0:00:08]} 16. a3 {[%emt 0:00:55]} Be8 {[%emt 0:00:14]} 17. Ng3 {[%emt 0:08:16]} Bg6 {[%emt 0:01:15]} 18. b4 {[%emt 0:03:18]} a6 {[%emt 0:03:22]} 19. Rfe1 {[%emt 0:04:22]} Rd7 {[%emt 0:03:02]} 20. Qe2 {[%emt 0:09:10]} Bxb1 {[%emt 0:05:06]} 21. Rxb1 {[%emt 0:00:08]} Rc7 {[%emt 0:00:31]} 22. Nh5 {[%emt 0:04:05]} Qf5 {[%emt 0:04:02]} 23. Nd2 {[%emt 0:13:22]} g5 {[%emt 0:18:10]} 24. g4 {[%emt 0:03:56]} Qf7 {[%emt 0:02:20]} 25. h4 {[%emt 0:04:32]} Bf4 {[%emt 0:09:25]} 26. Nf3 {[%emt 0:01:26]} Rac8 {[%emt 0:15:53]} 27. Rbd1 {[%emt 0:04:53]} Qg6 {[%emt 0:10:14]} 28. hxg5 {[%emt 0:06:12]} hxg5 {[%emt 0:02:34]} 29. Qd2 {[%emt 0:12:40]} Rh7 {[%emt 0:02:59]} 30. Nxg5 {[%emt 0:01:22]} Qxg5 {[%emt 0:00:14]} 31. Bxf4 {[%emt 0:03:13]} Qxg4+ {[%emt 0:00:09]} 32. Ng3 {[%emt 0:00:23]} Ng6 {[%emt 0:01:14]} 33. Bg5 {[%emt 0:00:36]} Rh5 {[%emt 0:02:09]} 34. Bf6 {[%emt 0:01:27]} Kf7 {[%emt 0:00:23]} 35. Qe2 {[%emt 0:00:30]} Qxe2 {[%emt 0:04:42]} 36. Rxe2 {[%emt 0:00:02]} Nf4 {[%emt 0:04:19]} 37. Re3 {[%emt 0:03:08]} Kxf6 {[%emt 0:02:11]} 38. Rf3 {[%emt 0:00:11]} Rf5 {[%emt 0:00:48]} 39. Nxf5 {[%emt 0:01:21]} Kxf5 {[%emt 0:00:07]} 40. Kh2 {[%emt 0:01:18]} Rh8+ {[%emt 0:01:33]} 41. Kg1 {[%emt 0:30:13]} e5 {[%emt 0:32:03]} 42. dxe5 {[%emt 0:00:45]} Nxe5 {[%emt 0:01:04]} 43. Rxd5 {[%emt 0:01:14]} Ke4 {[%emt 0:00:17]} 44. Rxe5+ {[%emt 0:00:14]} Kxe5 {[%emt 0:00:05]} 45. Re3+ {[%emt 0:00:14]} Kf5 {[%emt 0:04:48]} 46. Re7 {[%emt 0:02:10]} b5 {[%emt 0:00:45]} 47. Rf7+ {[%emt 0:00:42]} Ke4 {[%emt 0:00:00]} 48. Re7+ {[%emt 0:00:00]} Kf3 {[%emt 0:00:00]} 49. Re3+ {[%emt 0:00:00]} Kg4 {[%emt 0:00:00]} 50. Rg3+ {[%emt 0:00:00]} Kf5 {[%emt 0:00:00]} 51. Rg7 {[%emt 0:00:00]} Rh6 {[%emt 0:00:00]} 52. Rf7+ {[%emt 0:00:00]} Ke4 {[%emt 0:00:00]} 53. Re7+ {[%emt 0:00:00]} Re6 {[%emt 0:00:00]} 54. Rc7 {[%emt 0:00:00]} Nd5 {[%emt 0:00:00]} 55. Rc1 {[%emt 0:00:00]} Kf3 {[%emt 0:00:00]} 56. Rc5 {[%emt 0:00:00]} Re1+ {[%emt 0:00:00]} 57. Kh2 {[%emt 0:00:00]} Nf4 {[%emt 0:00:00]} 58. Rc6 {[%emt 0:00:00]} Re6 {[%emt 0:00:00]} 59. Rc2 {[%emt 0:00:00]} Re2 {[%emt 0:00:00]} 60. Rc6 {[%emt 0:00:00]} Rxf2+ {[%emt 0:00:00]} 61. Kh1 {[%emt 0:00:00]} Kg3 {[%emt 0:00:00]} 0-1

[Event "WJCC U20 Girls 2019"]
[Site "New Delhi"]
[Date "2019.10.19"]
[Round "6.32"]
[White "Ferkova, Dominika"]
[Black "Savitha Shri B"]
[Result "1-0"]
[WhiteElo "2096"]
[BlackElo "1916"]
[Annotator "NA"]
[PlyCount "123"]
[EventDate "2019.10.15"]
[EventType "swiss"]
[EventCountry "IND"]
[SourceTitle "playchess.com"]
[Source "ChessBase"]
[SourceQuality "1"]
[TimeControl "40/5400+30:1800+30"]

1. d4 Nf6 2. c4 e6 3. Nc3 Bb4 4. e3 O-O 5. Bd3 d5 6. Nge2 c5 7. cxd5 Nxd5 8. O-O Nc6 9. Nxd5 Qxd5 10. a3 Ba5 11. Nf4 Qd6 12. Qh5 f5 13. dxc5 Qxc5 14. b4 Qe5 15. Rb1 Bd8 16. Bb2 Qc7 17. Bc4 Qf7 18. Qxf7+ Kxf7 19. b5 Ne7 20. Rfd1 Bc7 21. Ne2 Ng6 22. Rbc1 Bb8 23. Bb3 Re8 24. f4 Nf8 25. Nd4 Ke7 26. Nf3 g6 27. Be5 Bd7 28. a4 Rc8 29. Kf2 Bxe5 30. Nxe5 Be8 31. Nd3 Nd7 32. Kf3 a6 33. bxa6 bxa6 34. a5 Nf6 35. Nc5 Bc6+ 36. Kg3 Ne4+ 37. Nxe4 Bxe4 38. Bc4 Rc5 39. Be2 Rxa5 40. Rc7+ Kf6 41. Rdd7 Rf8 42. Ra7 Ra2 43. Bf3 h5 44. h4 Ra3 45. Kf2 a5 46. Rh7 Ra1 47. Kg3 Ra2 48. Rhc7 Ra3 49. Kf2 Ra1 50. Rc5 a4 51. Bxe4 fxe4 52. Rc4 Rb8 53. Rcc7 Rf8 54. Rc4 Rd8 55. Rcc7 Rf8 56. Rc4 a3 57. Rxe4 Kf5 58. Rea4 Kg4 59. f5+ Kxf5 60. Rf4+ Ke5 61. Ra5+ Kd6 62. Rxf8 1-0

[Event "WJCC U20 Girls 2019"]
[Site "New Delhi"]
[Date "2019.10.19"]
[Round "6.33"]
[White "Mirza, Diana"]
[Black "Kairbekova, Amina"]
[Result "1-0"]
[WhiteElo "1986"]
[BlackElo "2096"]
[Annotator "NA"]
[PlyCount "93"]
[EventDate "2019.10.15"]
[EventType "swiss"]
[EventCountry "IND"]
[SourceTitle "playchess.com"]
[Source "ChessBase"]
[SourceQuality "1"]
[TimeControl "40/5400+30:1800+30"]

1. c4 {[%emt 0:00:00]} c5 {[%emt 0:00:52]} 2. Nc3 {[%emt 0:00:00]} Nc6 {[%emt 0:00:25]} 3. g3 {[%emt 0:00:22]} e6 {[%emt 0:01:16]} 4. Bg2 {[%emt 0:00:21]} g6 {[%emt 0:02:41]} 5. e4 {[%emt 0:00:22]} Bg7 {[%emt 0:00:22]} 6. Nge2 {[%emt 0:00:22]} Nge7 {[%emt 0:00:14]} 7. O-O {[%emt 0:00:19]} O-O {[%emt 0:00:06]} 8. d3 {[%emt 0:00:15]} d6 {[%emt 0:00:23]} 9. Be3 {[%emt 0:00:24]} Nd4 {[%emt 0:00:34]} 10. Qd2 {[%emt 0:01:08]} Rb8 {[%emt 0:06:37]} 11. Bh6 {[%emt 0:01:43]} f5 {[%emt 0:01:45]} 12. Bxg7 {[%emt 0:00:33]} Kxg7 {[%emt 0:00:11]} 13. Nxd4 {[%emt 0:01:56]} cxd4 {[%emt 0:00:06]} 14. Nb5 {[%emt 0:00:33]} e5 {[%emt 0:06:13]} 15. Qb4 {[%emt 0:05:02]} Rf6 {[%emt 0:05:05]} 16. Nxa7 {[%emt 0:04:54]} f4 {[%emt 0:00:26]} 17. Nxc8 {[%emt 0:10:01]} Nxc8 {[%emt 0:00:15]} 18. f3 {[%emt 0:03:02]} Ne7 {[%emt 0:07:07]} 19. Qd2 {[%emt 0:06:04]} h5 {[%emt 0:02:07]} 20. b4 {[%emt 0:02:52]} g5 {[%emt 0:00:11]} 21. Bh3 {[%emt 0:07:17]} Qg8 {[%emt 0:09:45]} 22. g4 {[%emt 0:01:22]} hxg4 {[%emt 0:04:17]} 23. Bxg4 {[%emt 0:00:17]} Qh7 {[%emt 0:03:01]} 24. a4 {[%emt 0:02:24]} Ng8 {[%emt 0:06:07]} 25. Bf5 {[%emt 0:06:56]} Rxf5 {[%emt 0:19:38]} 26. exf5 {[%emt 0:00:06]} Qxf5 {[%emt 0:00:02]} 27. a5 {[%emt 0:01:10]} Nf6 {[%emt 0:00:29]} 28. Rf2 {[%emt 0:02:08]} g4 {[%emt 0:04:23]} 29. Rg2 {[%emt 0:02:58]} Kf7 {[%emt 0:01:39]} 30. Qe2 {[%emt 0:02:16]} gxf3 {[%emt 0:07:54]} 31. Qxf3 {[%emt 0:00:05]} Ke6 {[%emt 0:00:03]} 32. b5 {[%emt 0:02:31]} d5 {[%emt 0:01:15]} 33. cxd5+ {[%emt 0:00:30]} Nxd5 {[%emt 0:00:07]} 34. a6 {[%emt 0:03:33]} Ne3 {[%emt 0:09:38]} 35. a7 {[%emt 0:01:44]} Ra8 {[%emt 0:00:04]} 36. Rg7 {[%emt 0:03:56]} Nd5 {[%emt 0:01:08]} 37. Rxb7 {[%emt 0:02:21]} Rg8+ {[%emt 0:00:36]} 38. Kh1 {[%emt 0:00:07]} e4 {[%emt 0:01:07]} 39. dxe4 {[%emt 0:01:11]} Qg5 {[%emt 0:00:36]} 40. exd5+ {[%emt 0:00:31]} Ke5 {[%emt 0:00:32]} 41. a8=Q Rxa8 {[%emt 0:04:06]} 42. Rxa8 {[%emt 0:02:28]} d3 {[%emt 0:00:03]} 43. Re8+ {[%emt 0:00:43]} Kd4 {[%emt 0:00:26]} 44. Re4+ {[%emt 0:00:32]} Kc5 {[%emt 0:00:26]} 45. Qf2+ {[%emt 0:02:49]} Kd6 {[%emt 0:00:20]} 46. Qb6+ {[%emt 0:00:13]} Kxd5 {[%emt 0:00:09]} 47. Qd4# {[%emt 0:00:39]} 1-0